|
|
|
|
| LEADER |
00000nab a2200000 a 4500 |
| 001 |
vtls008982296 |
| 003 |
SK-MaSNL |
| 005 |
20260304233656.0 |
| 008 |
250505c2007 xo |||||||||||000 b|slo |
| 015 |
|
|
|a SNBRB2007/04
|2 snkbucl
|
| 035 |
|
|
|a (sysno)vtls008982296
|
| 035 |
|
|
|a urn:nbn:sk:snk-ab732e
|
| 035 |
|
|
|a (uuid)9153ede2-d821-49a8-8941-f1f52c8a82ec
|
| 035 |
|
|
|a (urnnbn)urn:nbn:sk:snk:ar-a06r7i
|
| 038 |
|
|
|a SNKBUCL
|
| 040 |
|
|
|a SNKBUCL
|b slo
|c SNKBUCL
|e AACR2
|
| 041 |
0 |
|
|a eng
|b eng
|b slo
|
| 044 |
|
|
|a xo
|c SK
|
| 080 |
|
|
|a 681.518.54:004.8:510.5
|2 1997
|
| 080 |
|
|
|a 004.8:510.5
|2 1997
|
| 080 |
|
|
|a 510.5
|2 1997
|
| 080 |
|
|
|a 658.588.1
|2 1997
|
| 100 |
1 |
|
|a Gallová, Štefánia
|4 aut
|9 782854
|
| 245 |
1 |
0 |
|a Fault diagnosis of manufacturing processes via genetic algorithm approach
|c Štefánia Gallová
|
| 246 |
3 |
1 |
|a Diagnostika chýb vo výrobných procesoch prostredníctvom genetického algoritmu
|
| 300 |
|
|
|b Graf, sch., tab.
|
| 504 |
|
|
|a Bibliogr. odkazy
|
| 546 |
|
|
|a Res. angl., slov.
|
| 650 |
0 |
7 |
|a výrobné procesy
|2 snkbucl
|9 49951
|
| 650 |
0 |
7 |
|a stroje
|2 snkbucl
|9 3551
|
| 650 |
0 |
7 |
|a technické poruchy
|2 snkbucl
|9 28706
|
| 650 |
0 |
7 |
|a technická diagnostika
|2 snkbucl
|9 3986
|
| 650 |
0 |
7 |
|a genetické algoritmy
|2 snkbucl
|9 70955
|
| 650 |
0 |
7 |
|a učiace sa systémy
|2 snkbucl
|9 100800
|
| 650 |
0 |
7 |
|a znalostné systémy
|2 snkbucl
|9 68608
|
| 773 |
0 |
|
|t Výrobné inžinierstvo = Manufacturing engineering
|g Roč. VI, č. 1 (2007), s. 43-46
|x 1335-7972
|
| 850 |
|
|
|a Slovenská národná knižnica
|
| 852 |
|
|
|a Slovenská národná knižnica
|
| 958 |
|
|
|a article27
|
| 958 |
|
|
|a NB
|
| 958 |
|
|
|a OND
|
| 958 |
|
|
|a EUIPO
|
| 999 |
|
|
|c 3199764
|d 3201694
|